Statistiques concernant Focus sur: Alfred Cattermole - Harry Potter

Cliquez ici pour prendre le quiz!

Statistiques générales

  • Ce quiz a été pris 52 fois
  • Le résultat moyen est 4 sur 6

Statistiques - réponses

Informations recherchéesRéponses% Correct
Statut du sangSang-mêlé
100%
Première mentionHarry Potter et les Reliques de la Mort
90%
PèreReg Cattermole
60%
MèreMary Cattermole
56%
SœurMaisie Cattermole
27%
SœurEllie Cattermole
19%

Distribution des résultats

Percentile par nombre de réponses

% des personnes avec chaque résultat

Votre développement - résultats

Vous n’avez pas pris ce quiz